| 000 | 00727nam a2200241 a 4500 | ||
|---|---|---|---|
| 005 | 20140412111231.0 | ||
| 008 | 010319s19uu xx 00 eng d | ||
| 050 |
_aER _bWi63Ni 1994 |
||
| 100 | _aMilne, A. A. | ||
| 245 |
_aWinnie the Pooh and his friends: _cBased on the Pooh stories by A. A. Milne ; illustrations Atelier Philippe Harchy. _bNight time mystery / |
||
| 260 |
_aMontreal, Canada : _bThe Walt Disney Company, _c1994. |
||
| 300 | _a1 v. (unp.) ; ill. | ||
| 440 | _aWinnie the Pooh and his friends | ||
| 650 | _aMysteries--Fiction | ||
| 650 | _aChildren stories | ||
| 999 |
_c102168 _d102168 |
||